| 000 | 00318nam a22001217a 4500 | ||
|---|---|---|---|
| 020 | _a0-07-039901-8 | ||
| 082 | _a621.381958 MAL'D | ||
| 100 |
_aMALVINO, A.P _974668 |
||
| 245 | _aDIGITAL COMPUTER ELECTRONICS AN INTRODUCTION TO MICROCOMPUTERS | ||
| 260 |
_aNEWYORK _bMCGRAW HILL _c1983 |
||
| 300 | _a337P | ||
| 942 | _cBK | ||
| 999 |
_c580176 _d580176 |
||